La Martinique en images - Statistiques

Statistiques générales
  • Ce quiz a été pris 425 fois
  • Le résultat moyen est 12 sur 18
Statistiques - réponses
Par images Hint Réponse % Correct
Alcool Rhum
98%
Volcan Montagne {Pelée}
94%
Préfecture Fort-de-France
93%
Langue régionale Créole martiniquais
92%
Écrivain et homme politique Aimé Césaire
86%
Île Rocher du {Diamant}
86%
Écosystème Mangrove
82%
Sous-préfecture détruite par ce volcan en 1902 Saint-Pierre
77%
Jardin botanique Jardin de {Balata}
72%
Plage au sud de l'île Plage des {Salines}
72%
Ancienne habitation sucrière Habitation {Clément}
65%
Presqu'île Presqu'île de la {Caravelle}
63%
Mygale endémique Matoutou falaise
43%
Zone aride, quasi désertique Savane des {pétrifications}
41%
Ancien footballeur Nicolas Anelka
36%
Mémorial sur l'esclavage Cap 110
34%
Lagon Baignoire de Joséphine
27%
Chanteur Dédé Saint-Prix
15%
Aucun quiz correspondant
Distribution des résultats
% des personnes avec chaque résultat
Percentile par nombre de réponses
Votre historique - résultats
Vous n’avez pas pris ce quiz